| 000 | 02104cam a22004694i 4500 | ||
|---|---|---|---|
| 003 | PE-LiUPU | ||
| 005 | 20250731173328.0 | ||
| 008 | 150625s r 000 0 d | ||
| 020 | _a9788481697285 | ||
| 035 | _a(Sirsi) i9788481697285 | ||
| 040 |
_aPE-LiUPU _bspa _cPE-LiUPU _erda |
||
| 049 | _aPRUA | ||
| 082 | 0 | 4 |
_a227 _bS21 _221 |
| 100 | 1 |
_aSánchez Bosch, Jordi, _eautor. |
|
| 245 | 1 | 0 |
_aMaestro de los pueblos : _buna teología de Pablo, el apóstol / _cJordi Sánchez Bosch. |
| 264 | 1 |
_aEstella, Navarra : _bVerbo Divinob, _c2007. |
|
| 300 |
_a735 páginas ; _c22 centímetros |
||
| 336 |
_atext _2rdacontent |
||
| 337 |
_aunmediated _2rdamedia |
||
| 338 |
_avolume _2rdacarrier |
||
| 504 | _aIncluye bibliografía. | ||
| 505 | 0 | _aLa revelación de Dios. -Dios trascendente. -Dios Creador. -Dios Padre y el Espíritu Santo. -Jesús, el hijo de Dios. -Cristo en la tierra. -Muerte salvadora. -La resurrección de Cristo. -Jesús, "Cristo", "Hijo de Dios" y "Señor". -La Parusía y la resurrección futura. -La salvación del hombre. -Los inicios de la salvación. -La vida cristiana. -Israel y la iglesia. -La elección de Israel. -Definiciones de la iglesia. -Las dimensiones de la iglesia. -El ministerio de la palabra. -Otros ministerios y carismas. . | |
| 526 | _aSEG42 | ||
| 526 | _aSEG41 | ||
| 526 | _aSEG40 | ||
| 526 | _aSEG39 | ||
| 526 | _aP94 | ||
| 526 | _aP87 | ||
| 526 | _aP86 | ||
| 526 | _aP85 | ||
| 526 | _aP77 | ||
| 526 | _aP76 | ||
| 526 | _aP35 | ||
| 541 | _g006-35830; | ||
| 630 |
_aBiblia. _pN.T. _pEpístolas de Pablo _xTEOLOGIA. |
||
| 910 |
_bjv _clch _d20090105 |
||
| 942 |
_2ddc _cBOOK |
||
| 949 |
_a227 S21 _wDEWEY _c1 _i59013 _lCCODEBUL1 _mBUL _p43.00 _r0 _sY _tBOOK _u2015-6-25 _xTEOLOGIA _PP35 _0COMPRA _o.STAFF. Colección General |
||
| 994 |
_aC0 _bPEPRU |
||
| 596 | _a1 | ||
| 999 |
_a227 S21 _wDEWEY _c47851 _i59013 _f2021-11-9 _g5 _lCCODEBUL1 _mBUL _p43.00 _r0 _sY _tBOOK _u2015-6-25 _xTEOLOGIA _PP35 _0COMPRA _o.STAFF. Colección General _d47851 |
||
| 980 |
_81 _gALBERTO SANCHEZ Responsable de Automatización |
||